000 00309nam a22001337a 4500
020 _a0789026481
082 _a658 SCO
100 _aSCOTT, Jonathan
245 _aThe concise handbook of management
260 _aNew york
_bHaworth
_c2005
300 _axix,258
_bill,
500 _aincludes index
942 _cBK
999 _c20485
_d20485